=LDR 00000nam 2200000 4500 =001 INLIS000000000044594 =005 20200518082001 =035 ##$$a 0010-101300000002516 =245 1#$$a Kado untuk orang sakit , /$c Abdullah bin Ali; penerjemah,Muhammad Burhan Asy'ari;editor, Laili Arif Jamal. =100 1#$$a Ali, Abdullah bin =250 ##$$a cet.1 =300 ##$$a vi, 170 hlm , ; $c 15x23 cm =006 a################ =007 ta =008 200518################g##########0#ind## =260 ##$$a Surakarta :$b Rahma Media Pustaka,$c 2009 =082 ##$$a 2x4.161 =084 ##$$a 2x4.161 ALI k =020 ##$$a 979-740-100-6 =650 #4$$a Orang sakit =990 ##$$a 21104427 =990 ##$$a 21104428 =990 ##$$a 21104429